| 000 | 00356pam a2200157a 44500 | ||
|---|---|---|---|
| 008 | 230515b2008 xxu||||| |||| 00| 0 eng d | ||
| 020 | _aNULL | ||
| 041 | _aENGLISH | ||
| 082 | _a6.7 | ||
| 100 | _aJOHN F K BUFORD | ||
| 245 | _aMULTIMEDIA SYSTEM | ||
| 250 | _a0 | ||
| 260 |
_aDELHI _bPEDIATRIC CLINICS OF INDIA _c2008 |
||
| 300 | _a463 | ||
| 650 | _aNULL | ||
| 999 |
_c659389 _d659389 |
||